[Event "25th European Teams"]
[Site "Batumi GEO"]
[Date "2025.10.13"]
[Round "8.13"]
[Board "2"]
[White "Dragnev, Valentin"]
[Black "Petrov, Nikita"]
[Result "0-1"]
[WhiteTitle "GM"]
[BlackTitle "GM"]
[WhiteElo "2539"]
[BlackElo "2576"]
[WhiteTeam "Austria"]
[BlackTeam "Montenegro"]
[WhiteFideId "1634852"]
[BlackFideId "4101286"]
[EventDate "2025.10.05"]

1. Nf3 d5 2. e3 Nf6 3. d4 e6 4. Bd3 Bd6 5. Nbd2 Nbd7 6. c4 b6 7. e4 dxe4 8. Nxe4
Bb4+ 9. Nc3 Bb7 10. a3 Be7 11. O-O O-O 12. Re1 Re8 13. Bc2 c5 14. d5 exd5 15.
cxd5 Bd6 16. Bg5 Rxe1+ 17. Qxe1 h6 18. Bh4 Qf8 19. Rd1 a6 20. a4 g6 21. Qf1 Qg7
22. Bg3 Ne8 23. Qe2 Bxg3 24. hxg3 Nef6 25. d6 Re8 26. Qd2 Qf8 27. Qf4 Kg7 28. b4
Rc8 29. Bb1 cxb4 30. Qxb4 Rc5 31. Be4 Qc8 32. Bxb7 Qxb7 33. Qb2 Kg8 34. Nd4 Qc8
35. Nde2 Rc4 36. Qd2 Qc5 37. Qe3 Qxe3 38. fxe3 Ne4 39. Nxe4 Rxe4 40. Rc1 Rxe3
41. Nf4 g5 42. Nh5 Rd3 43. g4 Ne5 44. Rc8+ Kh7 45. Nf6+ Kg6 46. d7 Nxd7 47. Nxd7
Rxd7 48. Rc6+ f6 49. Rxb6 Rd4 50. Rxa6 Rxg4 51. Ra8 h5 52. a5 Ra4 53. a6 Kf5 54.
a7 h4 55. Kf2 Ra2+ 56. Kg1 Ra1+ 57. Kf2 Ra3 58. Kg1 Ra2 59. Kf1 g4 60. Rh8 Rxa7
61. Rxh4 Kf4 62. Rh6 Kg3 63. Rxf6 Ra1+ 64. Ke2 Kxg2 65. Rg6 g3 66. Rg7 Ra8 67.
Ke1 Re8+ 68. Kd2 Re5 69. Rg8 Kf2 70. Rf8+ Kg1 71. Rg8 g2 72. Rg7 Kf2 73. Rf7+
Kg3 74. Rg7+ Kf3 75. Kd3 Rd5+ 76. Kc2 Rf5 0-1

[Event "25th European Teams"]
[Site "Batumi GEO"]
[Date "2025.10.13"]
[Round "8.13"]
[Board "3"]
[White "Kosic, Dragan"]
[Black "Ragger, Markus"]
[Result "0-1"]
[WhiteTitle "GM"]
[BlackTitle "GM"]
[WhiteElo "2351"]
[BlackElo "2567"]
[WhiteTeam "Montenegro"]
[BlackTeam "Austria"]
[WhiteFideId "900290"]
[BlackFideId "1610856"]
[EventDate "2025.10.05"]

1. d4 Nf6 2. Nc3 d5 3. Bf4 a6 4. e3 h6 5. Nf3 Bg4 6. h3 Bxf3 7. Qxf3 e6 8. Bd3
c5 9. dxc5 Bxc5 10. O-O Bb4 11. Ne2 Nbd7 12. e4 Nc5 13. e5 Nfd7 14. Qg3 Nxd3 15.
Qxg7 Nxf4 16. Qxh8+ Bf8 17. Nxf4 Qg5 18. Nxe6 fxe6 19. Qh7 Bc5 20. Kh1 Qxe5 21.
Qxh6 Kf7 22. Qh7+ Qg7 23. Qh5+ Ke7 24. Qh4+ Nf6 25. Qf4 Bd6 26. Qf3 Ne4 27. Rae1
Rf8 0-1

[Event "25th European Teams"]
[Site "Batumi GEO"]
[Date "2025.10.13"]
[Round "8.13"]
[Board "4"]
[White "Blohberger, Felix"]
[Black "Vukcevic, Nemanja"]
[Result "1-0"]
[WhiteTitle "GM"]
[BlackTitle "FM"]
[WhiteElo "2513"]
[BlackElo "2349"]
[WhiteTeam "Austria"]
[BlackTeam "Montenegro"]
[WhiteFideId "1632051"]
[BlackFideId "941808"]
[EventDate "2025.10.05"]

1. Nf3 d5 2. e3 c5 3. b3 Nf6 4. Bb2 e6 5. d4 Nc6 6. Bd3 cxd4 7. exd4 Bd6 8. Nbd2
O-O 9. a3 b6 10. O-O Bb7 11. Ne5 Rc8 12. f4 Ne7 13. Qe2 Rc7 14. g4 Qa8 15. f5
exf5 16. gxf5 Ne4 17. Nxe4 dxe4 18. Bc4 Nd5 19. Bxd5 Bxd5 20. c4 Bb7 21. f6 Re8
22. Ng4 g6 23. Ne3 Qc8 24. Qg2 b5 25. c5 Bf8 26. Rad1 h5 27. b4 Bh6 28. Bc1 a5
29. Kh1 Rd7 30. d5 Bxe3 31. Bxe3 Rxd5 32. Rxd5 Bxd5 33. Qg5 Qh3 34. Rf2 Re6 35.
Qh6 Rxf6 36. Rxf6 Be6 37. Bd4 1-0

[Event "25th European Teams"]
[Site "Batumi GEO"]
[Date "2025.10.13"]
[Round "8.14"]
[Board "1"]
[White "Stefansson, Vignir Vatnar"]
[Black "Rodshtein, Maxim"]
[Result "1-0"]
[WhiteTitle "GM"]
[BlackTitle "GM"]
[WhiteElo "2506"]
[BlackElo "2647"]
[WhiteTeam "Iceland"]
[BlackTeam "Israel"]
[WhiteFideId "2308649"]
[BlackFideId "2806851"]
[EventDate "2025.10.05"]

1. d4 Nf6 2. Nf3 e6 3. c4 d5 4. g3 Bb4+ 5. Nbd2 a5 6. Bg2 a4 7. a3 Be7 8. O-O
Nc6 9. Qc2 O-O 10. Rd1 Bd7 11. Rb1 Be8 12. e4 Na5 13. Ne5 c6 14. c5 Qb8 15. Nd3
b5 16. cxb6 Qxb6 17. Nc5 Nb7 18. b4 Qa7 19. e5 Nd7 20. Nxd7 Bxd7 21. Nf3 h6 22.
Bf4 Nd8 23. h4 Be8 24. Re1 f5 25. exf6 Rxf6 26. Qd2 Bg6 27. Rbc1 Be4 28. Ne5
Bxg2 29. Kxg2 Bd6 30. Ng4 Rxf4 31. gxf4 Qf7 32. Ne5 Qh5 33. Qe3 Bxe5 34. dxe5
Qxh4 35. Qg3 Qe7 36. Qg6 Qf8 37. f5 Ra7 38. f6 Qf7 39. Qxf7+ Rxf7 40. fxg7 Rxg7+
41. Kf3 Kf8 42. Rg1 Rh7 43. Rg6 h5 44. Rcg1 1-0

[Event "25th European Teams"]
[Site "Batumi GEO"]
[Date "2025.10.13"]
[Round "8.14"]
[Board "2"]
[White "Gorshtein, Ido"]
[Black "Kjartansson, Gudmundur"]
[Result "1/2-1/2"]
[WhiteTitle "GM"]
[BlackTitle "GM"]
[WhiteElo "2537"]
[BlackElo "2422"]
[WhiteTeam "Israel"]
[BlackTeam "Iceland"]
[WhiteFideId "2815532"]
[BlackFideId "2301318"]
[EventDate "2025.10.05"]

1. c4 Nf6 2. Nc3 e6 3. e4 d5 4. cxd5 exd5 5. e5 Ne4 6. Nf3 Nc6 7. d3 Nxc3 8.
bxc3 d4 9. Bb2 Qd5 10. Be2 Nxe5 11. O-O Nc6 12. Qa4 Bd7 13. c4 Qd6 14. Rfc1 Nd8
15. Qb3 c5 16. Re1 Be7 17. Nd2 O-O 18. Bf3 Bc6 19. Bd5 Qd7 20. a4 Ne6 21. Bxe6
fxe6 22. Ne4 Bxe4 23. Rxe4 Bd6 24. Rae1 e5 25. Bc1 h6 26. Bd2 Rf5 27. Rb1 Rf7
28. f3 Rc8 29. Qd1 Rc6 30. Rb5 b6 31. Rb2 Bc7 32. Be1 Rf4 33. Ree2 Rf5 34. Bg3
Rg6 35. Re4 Kh7 36. Rbe2 Qc6 37. Qb3 a6 38. Kh1 Bd6 39. Re1 Bc7 40. Qd1 Rfg5 41.
R1e2 Rxg3 42. hxg3 Rxg3 43. Rg4 Rxg4 44. fxg4 b5 45. axb5 axb5 46. cxb5 Qxb5 47.
Qc2 Qa6 48. Re4 Qa1+ 49. Kh2 Qf1 50. g3 1/2-1/2

[Event "25th European Teams"]
[Site "Batumi GEO"]
[Date "2025.10.13"]
[Round "8.14"]
[Board "3"]
[White "Stefansson, Hannes"]
[Black "Sokolovsky, Yahli"]
[Result "1/2-1/2"]
[WhiteTitle "GM"]
[BlackTitle "GM"]
[WhiteElo "2408"]
[BlackElo "2539"]
[WhiteTeam "Iceland"]
[BlackTeam "Israel"]
[WhiteFideId "2300087"]
[BlackFideId "2820242"]
[EventDate "2025.10.05"]

1. d4 d5 2. c4 c6 3. Nf3 Nf6 4. Nc3 e6 5. Bg5 h6 6. Bxf6 Qxf6 7. e3 Nd7 8. Qc2
g6 9. Be2 Bg7 10. O-O O-O 11. cxd5 exd5 12. b4 Nb6 13. a4 a5 14. Qb3 Qd8 15.
bxa5 Rxa5 16. Rab1 Nd7 17. e4 dxe4 18. Nxe4 Nf6 19. Nc5 Nd5 20. Nxb7 Bxb7 21.
Qxb7 Nc3 22. Rb2 Nxe2+ 23. Rxe2 Qa8 24. Qxa8 Rfxa8 25. Rc2 Rxa4 26. Rxc6 Bxd4
27. Nxd4 Rxd4 28. Rc2 h5 29. g3 h4 30. Kg2 Ra5 31. Re1 Rh5 32. f3 hxg3 33. hxg3 1/2-1/2

[Event "25th European Teams"]
[Site "Batumi GEO"]
[Date "2025.10.13"]
[Round "8.14"]
[Board "4"]
[White "Parkhov, Yair"]
[Black "Domalchuk-Jonasson, Aleksandr"]
[Result "1/2-1/2"]
[WhiteTitle "GM"]
[BlackTitle "IM"]
[WhiteElo "2503"]
[BlackElo "2373"]
[WhiteTeam "Israel"]
[BlackTeam "Iceland"]
[WhiteFideId "2813408"]
[BlackFideId "14142805"]
[EventDate "2025.10.05"]

1. e4 e6 2. d4 d5 3. Nc3 Be7 4. Bf4 dxe4 5. Nxe4 Nf6 6. Nxf6+ Bxf6 7. c3 Nd7 8.
Nf3 b6 9. Ne5 Bb7 10. Bb5 Bxe5 11. dxe5 a6 12. Ba4 b5 13. Bc2 Nc5 14. Be3 Qxd1+
15. Rxd1 Na4 16. Bxa4 bxa4 17. Rd4 Rd8 18. Rg4 Rd5 19. O-O Rxe5 20. Rxg7 h5 21.
Bd4 Rd5 22. Re1 Kf8 23. Rxf7+ Kxf7 24. Bxh8 Rd2 25. c4 a3 26. bxa3 Rc2 27. f3
Rxc4 28. Kf2 h4 29. Re2 Bd5 30. Be5 c5 31. h3 Kg6 32. Bd6 Kf7 33. Ke3 Kf6 34.
Kd2 Kf7 35. Be5 Ra4 36. Bb2 Kg6 37. Re5 Rf4 38. Bc3 Ra4 39. Bb2 Rf4 40. Kd3 Rc4
41. Re1 Kf5 42. Kd2 Ra4 43. Re5+ Kg6 44. Kc2 Rf4 45. Bc1 Rf5 46. Re1 Kf7 47. Kb2
Bc6 48. Bd2 Rd5 49. Kc1 Bb5 50. Kc2 Ba4+ 51. Kc3 Bb5 52. a4 Bxa4 53. Re4 Rd4 54.
Rxd4 cxd4+ 55. Kxd4 Bb5 56. Ke3 Kg6 57. Be1 Kh5 58. Ba5 Bf1 59. Kf2 Bc4 60. a3
Bb5 61. Bd8 Bc4 62. g4+ hxg3+ 63. Kxg3 Bf1 64. h4 Bb5 65. Kf4 Bc6 66. Bg5 a5 67.
Ke3 a4 68. f4 Bd5 69. Kd4 Bb3 70. Kc3 Kg6 71. Kb4 Kh5 72. Kc5 Kg6 73. Kd6 Kh5
74. Ke7 Kg6 75. Bf6 Bc4 76. Bc3 Bb3 77. Be1 Bc4 78. Kd6 Bb3 79. Kc5 Kh5 80. Kd4
Kg6 81. Ke5 Bc4 82. Ke4 1/2-1/2

[Event "25th European Teams"]
[Site "Batumi GEO"]
[Date "2025.10.13"]
[Round "8.15"]
[Board "1"]
[White "Lashkin, Jegor"]
[Black "Kiladze, Luka"]
[Result "0-1"]
[WhiteTitle "IM"]
[BlackTitle "FM"]
[WhiteElo "2497"]
[BlackElo "2370"]
[WhiteTeam "Moldova"]
[BlackTeam "Georgia 3"]
[WhiteFideId "13907808"]
[BlackFideId "13623389"]
[EventDate "2025.10.05"]

1. e4 c5 2. Nf3 Nc6 3. Bb5 g6 4. O-O Bg7 5. Bxc6 dxc6 6. d3 e5 7. a3 Qe7 8. b4
Nf6 9. Be3 Nd7 10. Qd2 O-O 11. Qc3 Re8 12. Nbd2 Bf8 13. Rfb1 f6 14. h4 h5 15.
Kh1 Kh7 16. Nh2 Qd6 17. Nc4 Qe6 18. Rg1 b6 19. g4 hxg4 20. Rxg4 f5 21. Nf3 Be7
22. exf5 Qxf5 23. Rg3 cxb4 24. axb4 c5 25. Kh2 cxb4 26. Qb2 Bb7 27. Ng5+ Kg7 28.
Rag1 Rh8 29. Rh3 Rh5 30. Qa2 Bxg5 31. Rxg5 Rxg5 32. hxg5 Rh8 0-1

[Event "25th European Teams"]
[Site "Batumi GEO"]
[Date "2025.10.13"]
[Round "8.15"]
[Board "2"]
[White "Nemsadze, Daviti"]
[Black "Schitco, Ivan"]
[Result "0-1"]
[WhiteTitle "FM"]
[BlackTitle "GM"]
[WhiteElo "2348"]
[BlackElo "2483"]
[WhiteTeam "Georgia 3"]
[BlackTeam "Moldova"]
[WhiteFideId "13619250"]
[BlackFideId "13905465"]
[EventDate "2025.10.05"]

1. e4 e5 2. Nf3 Nc6 3. Bb5 g6 4. c3 a6 5. Ba4 Bg7 6. d4 exd4 7. cxd4 b5 8. Bb3
Nge7 9. O-O O-O 10. Nc3 Na5 11. Bc2 d6 12. d5 c6 13. dxc6 Be6 14. Nd5 Naxc6 15.
Rb1 Rc8 16. Bb3 Bxd5 17. Bxd5 Nxd5 18. exd5 Ne5 19. Bf4 Rc4 20. Nxe5 Bxe5 21.
Bg3 Qf6 22. b3 Rd4 23. Qc2 Bxg3 24. hxg3 Rxd5 25. Qc6 Rh5 26. Rbd1 Qg5 27. Qxd6
Qh6 28. f4 Rc8 29. Kf2 Rhc5 30. Rfe1 Qh5 31. Rd2 Qf5 32. Ree2 h5 33. Qxa6 h4 34.
Qd6 Qg4 35. Re3 Rf5 36. gxh4 Rxf4+ 37. Rf3 Qxh4+ 38. g3 Qh2+ 39. Ke3 Re8+ 0-1

[Event "25th European Teams"]
[Site "Batumi GEO"]
[Date "2025.10.13"]
[Round "8.15"]
[Board "3"]
[White "Hamitevici, Vladimir"]
[Black "Shamatava, Nikolozi"]
[Result "1-0"]
[WhiteTitle "GM"]
[BlackTitle "FM"]
[WhiteElo "2445"]
[BlackElo "2296"]
[WhiteTeam "Moldova"]
[BlackTeam "Georgia 3"]
[WhiteFideId "13902393"]
[BlackFideId "13619950"]
[EventDate "2025.10.05"]

1. e4 c5 2. Nf3 e6 3. c3 Nf6 4. Bd3 Nc6 5. Bc2 c4 6. Qe2 d5 7. exd5 Qxd5 8. O-O
e5 9. b3 Bg4 10. bxc4 Bxf3 11. Qxf3 Qxc4 12. d4 Bd6 13. Bb3 Qa6 14. Bg5 e4 15.
Qh3 Qe2 16. Nd2 Qg4 17. Qxg4 Nxg4 18. h3 h6 19. Bh4 g5 20. Nxe4 Bh2+ 21. Kh1
gxh4 22. hxg4 Bc7 23. Rae1 Kf8 24. Nc5 Rg8 25. Re4 Na5 26. Bd5 Rd8 27. Bxb7 Bb6
28. Ba6 Bxc5 29. dxc5 Rd5 30. Be2 Rxc5 31. c4 Kg7 32. Rb1 Rgc8 33. Rb4 a6 34.
Ra4 Rd8 35. Kh2 Rd2 36. Kh3 Nc6 37. Rxa6 Nd4 38. Bf1 Ne6 39. Kxh4 Rxf2 40. Re1
Rf4 41. Kg3 Rg5 42. Ra3 h5 43. Rae3 Rfxg4+ 44. Kf2 Ra5 45. a3 Nd4 46. Rc1 Rf5+
47. Kg1 Rc5 48. Rb1 Rf5 49. Rc1 Rc5 50. a4 Rg6 51. Rd3 Nf5 52. Rd5 Rxd5 53. cxd5
Ne3 54. a5 Nxf1 55. Kxf1 Ra6 56. Rc5 Kf8 57. Kf2 Ke7 58. Ke3 Kd7 59. Kd4 h4 60.
Rb5 Kc7 61. Ke5 f6+ 62. Kd4 f5 63. Ke5 f4 64. Rc5+ Kd7 65. Kxf4 Rg6 66. Rc2 Rh6
67. Kg4 Rh8 68. a6 Kd6 69. a7 h3 70. gxh3 Kxd5 71. Rb2 Ra8 72. Rb7 Ke6 73. Kg5
Rg8+ 74. Kh6 Ra8 75. Kg6 1-0

[Event "25th European Teams"]
[Site "Batumi GEO"]
[Date "2025.10.13"]
[Round "8.15"]
[Board "4"]
[White "Safarov, Deniel"]
[Black "Gubin, Dmitrii"]
[Result "1/2-1/2"]
[WhiteTitle "FM"]
[WhiteElo "2280"]
[BlackElo "2275"]
[WhiteTeam "Georgia 3"]
[BlackTeam "Moldova"]
[WhiteFideId "13619802"]
[BlackFideId "13911848"]
[EventDate "2025.10.05"]

1. e4 c5 2. Nf3 Nc6 3. d4 cxd4 4. Nxd4 Nf6 5. Nc3 e5 6. Ndb5 d6 7. Nd5 Nxd5 8.
exd5 Ne7 9. c4 Ng6 10. Qa4 Bd7 11. Qb4 Qb8 12. h4 h5 13. Bg5 Be7 14. Rd1 a6 15.
Bxe7 Kxe7 16. Nxd6 Qxd6 17. c5 Qb8 18. c6+ Qd6 19. Qxb7 Rhb8 20. Qxd7+ Qxd7 21.
cxd7 Rxb2 22. d6+ Kxd7 23. Bc4 Nf4 24. O-O f6 25. Rfe1 Rc8 26. Bxa6 Rcc2 27. Bf1
Rxa2 28. g3 Ne6 29. Bh3 Rxf2 30. Bxe6+ Kxe6 31. d7 Rg2+ 32. Kh1 Rh2+ 33. Kg1
Rag2+ 34. Kf1 Rf2+ 35. Kg1 Rfg2+ 36. Kf1 Rf2+ 1/2-1/2

[Event "25th European Teams"]
[Site "Batumi GEO"]
[Date "2025.10.13"]
[Round "8.16"]
[Board "1"]
[White "Lortkipanidze, Nodar"]
[Black "Dardha, Daniel"]
[Result "0-1"]
[WhiteTitle "IM"]
[BlackTitle "GM"]
[WhiteElo "2371"]
[BlackElo "2605"]
[WhiteTeam "Georgia 4"]
[BlackTeam "Belgium"]
[WhiteFideId "13604058"]
[BlackFideId "240990"]
[EventDate "2025.10.05"]

1. e4 c5 2. Nf3 d6 3. d4 cxd4 4. Nxd4 Nf6 5. Nc3 Nc6 6. Bg5 e6 7. Qd2 a6 8.
O-O-O Bd7 9. f3 Be7 10. h4 Nxd4 11. Qxd4 Qc7 12. g4 h5 13. gxh5 Nxh5 14. Bxe7
Kxe7 15. e5 d5 16. Rg1 Rac8 17. Rg4 Kf8 18. Kb1 g6 19. Rg5 Qc5 20. Qg4 Bb5 21.
Bxb5 axb5 22. a3 Ng7 23. h5 Rxh5 24. Rxh5 Nxh5 25. Rd4 Kg7 26. Qh4 Qb6 27. Rg4
Kf8 28. Qe1 Rc4 29. b3 Rc8 30. Kb2 d4 31. Na2 Kg7 32. Nb4 Qc5 33. Re4 Ra8 34.
Qd2 Qa7 35. Qxd4 Qxa3+ 36. Kb1 Ng3 37. Re1 Nf5 38. Qc3 Rh8 39. f4 Ne7 40. Rd1
Rc8 41. Qd4 Nf5 42. Qd2 Ra8 43. Qc3 Ra4 44. Nd3 Ne3 45. Re1 Nc4 46. Nc1 Qb2+ 47.
Qxb2 Nd2# 0-1

[Event "25th European Teams"]
[Site "Batumi GEO"]
[Date "2025.10.13"]
[Round "8.16"]
[Board "2"]
[White "Glek, Igor"]
[Black "Makharadze, Jambul"]
[Result "1-0"]
[WhiteTitle "GM"]
[WhiteElo "2432"]
[BlackElo "2291"]
[WhiteTeam "Belgium"]
[BlackTeam "Georgia 4"]
[WhiteFideId "4100484"]
[BlackFideId "13601369"]
[EventDate "2025.10.05"]

1. e4 c5 2. Nf3 d6 3. Nc3 e5 4. Bc4 Nc6 5. d3 h6 6. Nd2 g6 7. O-O g5 8. Qh5 Rh7
9. Nd5 Nf6 10. Nxf6+ Qxf6 11. c3 Rg7 12. Qd1 Be7 13. a3 Bd8 14. b4 Bb6 15. Nb3
cxb4 16. axb4 g4 17. Be3 Bxe3 18. fxe3 Qg5 19. Qe1 g3 20. Qxg3 Qxg3 21. hxg3 Nd8
22. Rf6 Ke7 23. Rxh6 Rxg3 24. Rh8 a6 25. b5 Rb8 26. b6 Be6 27. Bxe6 Kxe6 28. Kf2
Rg6 29. Na5 Kd7 30. c4 Rf6+ 31. Kg1 Rc8 32. d4 exd4 33. exd4 Rf4 34. Rf1 Rxe4
35. d5 Re8 36. Rxe8 Kxe8 37. Rf4 f5 38. Kf2 Ke7 39. Ke3 Nf7 40. Kd4 Rg8 41. Rxf5
Rg4+ 42. Kc3 Rg3+ 43. Rf3 Rxf3+ 44. gxf3 Ne5 45. Nxb7 Nd7 46. Kd4 a5 47. Nxa5
Nxb6 48. Nb7 Nd7 49. c5 dxc5+ 50. Nxc5 Nf8 51. Ke5 Ng6+ 52. Kf5 Nh4+ 53. Ke4 Kd6
54. Nb7+ Kc7 55. Na5 Kd6 56. Nc4+ Ke7 57. Ne5 Kf6 58. d6 Nf5 59. d7 Nd6+ 60. Kd5
Nb7 61. Kc6 Nd8+ 62. Kd6 Ne6 63. Nc6 1-0

[Event "25th European Teams"]
[Site "Batumi GEO"]
[Date "2025.10.13"]
[Round "8.16"]
[Board "3"]
[White "Didmanidze, Tengiz"]
[Black "Lenaerts, Lennert"]
[Result "0-1"]
[BlackTitle "FM"]
[WhiteElo "1995"]
[BlackElo "2355"]
[WhiteTeam "Georgia 4"]
[BlackTeam "Belgium"]
[WhiteFideId "13611410"]
[BlackFideId "211435"]
[EventDate "2025.10.05"]

1. e4 c5 2. Nf3 Nc6 3. d4 cxd4 4. Nxd4 e5 5. Nb5 d6 6. N1c3 a6 7. Na3 Be6 8. Be2
Nf6 9. Bg5 Be7 10. O-O Nd4 11. Nc4 O-O 12. Bxf6 Bxf6 13. Ne3 Rc8 14. Bd3 g6 15.
Ncd5 Bg7 16. c3 Nc6 17. g4 Qg5 18. Kh1 Ne7 19. Bc4 Bh6 20. Qf3 Nxd5 21. Bxd5 Qh4
22. Rad1 Bxe3 23. Qxe3 Qxg4 24. Rg1 Qh4 25. Rg3 Qe7 26. Rdg1 Bxd5 27. exd5 Rc4
28. Rg4 Rxg4 29. Rxg4 Rc8 30. a4 f5 31. Rb4 Rc5 32. Qd3 Qf7 33. c4 e4 34. Qb3
Rc7 35. Rb6 Rd7 36. Qa3 Qe7 37. Qg3 a5 38. b4 axb4 39. Rxb4 Qf6 40. Qb3 Qd4 41.
Kg1 Qa1+ 42. Kg2 Qg7 43. Qe3 Qe5 44. h4 Rf7 45. Qg5 Kg7 46. h5 Rd7 47. hxg6 hxg6
48. Rb1 Qf6 49. Qe3 Re7 50. Qf4 g5 51. Qh2 f4 52. Rh1 f3+ 0-1

[Event "25th European Teams"]
[Site "Batumi GEO"]
[Date "2025.10.13"]
[Round "8.16"]
[Board "4"]
[White "De Waele, Warre"]
[Black "Gaprindashvili, Valeriane"]
[Result "1/2-1/2"]
[WhiteTitle "FM"]
[BlackTitle "GM"]
[WhiteElo "2326"]
[BlackElo "2347"]
[WhiteTeam "Belgium"]
[BlackTeam "Georgia 4"]
[WhiteFideId "241156"]
[BlackFideId "13601091"]
[EventDate "2025.10.05"]

1. e4 c6 2. Nf3 d5 3. d3 dxe4 4. dxe4 Qxd1+ 5. Kxd1 Bg4 6. Be2 Nd7 7. Ne1 Bxe2+
8. Kxe2 e5 9. Nd2 Nc5 10. f3 Nf6 11. Nb3 Nfd7 12. Nxc5 Bxc5 13. Nd3 Bb6 14. a4
a5 15. Bd2 f6 16. Rhb1 Kd8 17. b3 Kc7 18. Nb2 Bd4 19. Ra2 Bxb2 20. Raxb2 b6 21.
Be3 h5 22. Rd1 Rhd8 23. g3 Nc5 24. Ra1 Ne6 25. c3 g5 26. b4 axb4 27. Rxb4 Rdb8
28. Rb2 c5 29. Rd2 Rd8 30. Rxd8 Nxd8 31. f4 gxf4 32. gxf4 Nb7 33. fxe5 fxe5 34.
Bf2 Kc6 35. Bg3 1/2-1/2

[Event "25th European Teams"]
[Site "Batumi GEO"]
[Date "2025.10.13"]
[Round "8.17"]
[Board "1"]
[White "Grandelius, Nils"]
[Black "Bogner, Sebastian"]
[Result "1-0"]
[WhiteTitle "GM"]
[BlackTitle "GM"]
[WhiteElo "2645"]
[BlackElo "2555"]
[WhiteTeam "Sweden"]
[BlackTeam "Switzerland"]
[WhiteFideId "1710400"]
[BlackFideId "4692055"]
[EventDate "2025.10.05"]

1. e4 c5 2. Nf3 d6 3. Bb5+ Bd7 4. Bxd7+ Nxd7 5. O-O e6 6. d3 Be7 7. h3 a6 8. Nh2
Ngf6 9. f4 Nb8 10. b3 d5 11. e5 Nfd7 12. c4 dxc4 13. dxc4 b5 14. Na3 Qb6 15. Nf3
Nc6 16. Bb2 O-O 17. Rf2 Rfd8 18. Qf1 Nd4 19. Kh2 Rab8 20. Rd1 Nxf3+ 21. Rxf3 Nf8
22. Rxd8 Bxd8 23. Nc2 Ng6 24. Bc3 Qc6 25. g3 bxc4 26. bxc4 h5 27. h4 Rb1 28. Qd3
Bxh4 29. Ne1 Rxe1 30. Bxe1 Be7 31. Bc3 Bf8 32. Rf2 Ne7 33. Rb2 Nf5 34. Rb8 h4
35. gxh4 Nh6 36. h5 Ng4+ 37. Kg3 Nh6 38. Kh2 Ng4+ 39. Kg1 1-0

[Event "25th European Teams"]
[Site "Batumi GEO"]
[Date "2025.10.13"]
[Round "8.17"]
[Board "2"]
[White "Peng, Li Min"]
[Black "Blomqvist, Erik"]
[Result "0-1"]
[WhiteTitle "GM"]
[BlackTitle "GM"]
[WhiteElo "2498"]
[BlackElo "2478"]
[WhiteTeam "Switzerland"]
[BlackTeam "Sweden"]
[WhiteFideId "14112620"]
[BlackFideId "1709437"]
[EventDate "2025.10.05"]

1. d4 d5 2. c4 dxc4 3. Nf3 Nf6 4. e3 e6 5. Bxc4 c5 6. O-O Be7 7. b3 O-O 8. Bb2
b6 9. Qe2 Nbd7 10. Rd1 Bb7 11. Nc3 cxd4 12. Nxd4 a6 13. e4 Qc7 14. Rac1 Bd6 15.
Bxe6 fxe6 16. Nxe6 Qb8 17. Nxf8 Qxf8 18. Qc4+ Kh8 19. f3 Ne5 20. Qe6 Bc5+ 21.
Kh1 Re8 22. Qh3 Bc8 23. Qg3 Nh5 24. Qg5 Nf4 25. Nd5 Nfd3 26. Rc2 Nxb2 27. Rxb2
Nxf3 28. Qh5 Ne5 29. h3 a5 30. Nc7 Rd8 31. Rxd8 Qxd8 32. Rd2 Qf8 33. Qd1 Nc6 34.
Nd5 h6 35. a3 Bxa3 36. Nxb6 Be6 37. Nd5 Bd6 38. Rc2 Ne5 39. Ra2 Bxd5 40. exd5
Qf4 41. Rxa5 Qg3 42. Kg1 Nd3 0-1

[Event "25th European Teams"]
[Site "Batumi GEO"]
[Date "2025.10.13"]
[Round "8.17"]
[Board "3"]
[White "Trost, Edvin"]
[Black "Baenziger, Fabian"]
[Result "1-0"]
[WhiteTitle "IM"]
[BlackTitle "IM"]
[WhiteElo "2457"]
[BlackElo "2439"]
[WhiteTeam "Sweden"]
[BlackTeam "Switzerland"]
[WhiteFideId "1729519"]
[BlackFideId "1330110"]
[EventDate "2025.10.05"]

1. Nf3 d5 2. g3 Nf6 3. Bg2 e6 4. d4 Be7 5. O-O O-O 6. Ne5 Nfd7 7. Nxd7 Nxd7 8.
Nd2 Bf6 9. Nb3 a5 10. a4 Nb6 11. e4 dxe4 12. Bxe4 e5 13. Qd3 h6 14. d5 Be7 15.
c4 f5 16. Bg2 e4 17. Qc2 Bd7 18. Rd1 Nxa4 19. c5 b5 20. cxb6 Nxb6 21. Nxa5 Qc8
22. Bf4 Bd6 23. Qb3 Rf6 24. Bxd6 Rxd6 25. Nc4 Nxc4 26. Rxa8 Qxa8 27. Qxc4 Qb7
28. g4 g6 29. Bf1 Qb6 30. Rc1 Kh7 31. Kg2 e3 32. Qxc7 Qxc7 33. Rxc7 Rxd5 34.
gxf5 gxf5 35. fxe3 Kg6 36. b4 Kg5 37. Rc2 h5 38. Rb2 Bc6 39. Kf2 Bb5 40. Bxb5
Rxb5 41. Kg3 h4+ 42. Kf3 Kg6 43. Kf4 Kf6 44. Rb1 Ke6 45. Kg5 Ke5 46. Kxh4 f4 47.
exf4+ Kxf4 48. Rb3 Rb7 49. Kh3 Rb5 50. Kg2 Rg5+ 51. Kf2 Rh5 52. Kg2 Rg5+ 53. Kf2
Rh5 54. h3 Rb5 55. h4 Kg4 56. Ke3 Kxh4 57. Kd4 Kg5 58. Kc4 Rb8 59. b5 Kf4 60.
Kd5 1-0

[Event "25th European Teams"]
[Site "Batumi GEO"]
[Date "2025.10.13"]
[Round "8.17"]
[Board "4"]
[White "Kurmann, Oliver"]
[Black "Pantzar, Milton"]
[Result "1-0"]
[WhiteTitle "IM"]
[BlackTitle "IM"]
[WhiteElo "2409"]
[BlackElo "2433"]
[WhiteTeam "Switzerland"]
[BlackTeam "Sweden"]
[WhiteFideId "1308173"]
[BlackFideId "1721003"]
[EventDate "2025.10.05"]

1. e4 e5 2. Nf3 Nc6 3. Bc4 Nf6 4. d3 Be7 5. O-O O-O 6. Re1 d6 7. a4 a5 8. Nc3 h6
9. h3 Re8 10. Ne2 Be6 11. Bxe6 fxe6 12. Ng3 Nh7 13. c3 Rf8 14. Nf1 Qe8 15. N1h2
Qg6 16. Qb3 Rab8 17. g3 Qf7 18. Kg2 d5 19. Re2 Bc5 20. Qb5 Bb6 21. Be3 Bxe3 22.
Rxe3 d4 23. Re2 Qf6 24. Nd2 h5 25. Rf1 Ng5 26. h4 Nf7 27. Nhf3 g5 28. hxg5 Nxg5
29. Nh4 Nf7 30. Rh1 Kg7 31. Nb3 dxc3 32. bxc3 Ne7 33. Nxa5 Ng6 34. Nxg6 Kxg6 35.
Nc4 c6 36. Qb6 Ng5 37. Qe3 b5 38. axb5 cxb5 39. Nd2 Ra8 40. d4 Nf7 41. Nf3 Ra3
42. dxe5 Nxe5 43. Nh4+ Kg7 44. Qc5 Rb3 45. f4 Ng4 46. Qxh5 Nh6 47. e5 Qf7 48.
Qg5+ Kh7 49. Nf5 Qb7+ 50. Kf2 Qa7+ 51. Nd4 1-0

[Event "25th European Teams"]
[Site "Batumi GEO"]
[Date "2025.10.13"]
[Round "8.18"]
[Board "1"]
[White "Keinanen, Toivo"]
[Black "Nemeth, Zalan"]
[Result "1-0"]
[WhiteTitle "IM"]
[BlackTitle "FM"]
[WhiteElo "2503"]
[BlackElo "2212"]
[WhiteTeam "Finland"]
[BlackTeam "Ireland"]
[WhiteFideId "509825"]
[BlackFideId "2512041"]
[EventDate "2025.10.05"]

1. c4 e6 2. g3 d5 3. Bg2 Nf6 4. d4 dxc4 5. Nf3 c5 6. O-O Nc6 7. dxc5 Qxd1 8.
Rxd1 Bxc5 9. Nbd2 c3 10. bxc3 O-O 11. Ne1 Bd7 12. Nd3 Be7 13. c4 Na5 14. Bb2
Rac8 15. Ne5 Ba4 16. Rdc1 b5 17. cxb5 Bxb5 18. Bc3 Ba3 19. Rcb1 Rxc3 20. Rxb5
Rc5 21. Rab1 a6 22. Rxa5 Rxa5 23. Nec4 Ra4 24. Bc6 Rxc4 25. Nxc4 Bc5 26. Bb7 Nd5
27. Bxd5 exd5 28. Ne5 Bd4 29. Nd7 Rd8 30. Rb8 Rxb8 31. Nxb8 Be5 32. Nxa6 Bd6 33.
Kf1 f5 34. e3 g5 35. Ke2 h5 36. Kd3 h4 37. Kd4 f4 38. exf4 gxf4 39. gxh4 1-0